000 00559nam a2200217Ia 4500
003 OSt
005 20230502114519.0
008 210423s2001 xx 000 0 und d
020 _a8176492108
040 _cAL
041 _aeng
082 _a660.6 MUKS
100 _aMUKHOPADHYAY (S N).
_995899
245 _aProcess biotechnology fundamentals.
260 _aNew Delhi
_bViva Books Pvt Ltd
_c2001
300 _axiv,409
_bPB
365 _cINR
650 _aBiotechnology
_995900
906 _abiotechnology ; fundamentals ; Process
942 _2ddc
_cBK
999 _c162963
_d162963